Perfect physics : std xii science. Part I / (Record no. 31893)

000 -LEADER
fixed length control field 00652nam a22002297a 4500
003 - CONTROL NUMBER IDENTIFIER
control field OSt
005 - DATE AND TIME OF LATEST TRANSACTION
control field 20250422144715.0
008 - FIXED-LENGTH DATA ELEMENTS--GENERAL INFORMATION
fixed length control field 250422b ||||| |||| 00| 0 eng d
020 ## - INTERNATIONAL STANDARD BOOK NUMBER
Terms of availability Rs 180.00
040 ## - CATALOGING SOURCE
Transcribing agency imukc
041 ## - LANGUAGE CODE
Language code of text/sound track or separate title eng
082 ## - DEWEY DECIMAL CLASSIFICATION NUMBER
Classification number 530
Item number D456
100 ## - MAIN ENTRY--PERSONAL NAME
9 (RLIN) 5848
Personal name Deshpande, Jyoti D.
245 ## - TITLE STATEMENT
Title Perfect physics : std xii science. Part I /
Statement of responsibility, etc. Jyoti D. Deshpande, and Umakant N. Kondapure
250 ## - EDITION STATEMENT
Edition statement 6th rev. ed.
260 ## - PUBLICATION, DISTRIBUTION, ETC.
Place of publication, distribution, etc. Mumbai :
Name of publisher, distributor, etc. Target Publications PVT. LTD.,
Date of publication, distribution, etc. 2013.
300 ## - PHYSICAL DESCRIPTION
Extent 313 p. :
Other physical details ill. ;
Dimensions 28 cm
365 ## - TRADE PRICE
Price amount 180.00
Currency code INR
650 #0 - SUBJECT ADDED ENTRY--TOPICAL TERM
9 (RLIN) 36
Topical term or geographic name entry element Physics
700 ## - ADDED ENTRY--PERSONAL NAME
9 (RLIN) 5850
Personal name Kondapure, Umakant N.
942 ## - ADDED ENTRY ELEMENTS (KOHA)
Source of classification or shelving scheme
Koha item type Books
Holdings
Withdrawn status Lost status Source of classification or shelving scheme Damaged status Not for loan Permanent Location Current Location Date acquired Source of acquisition Cost, normal purchase price Full call number Barcode Date last seen Price effective from Koha item type
          IMU Kolkata IMU Kolkata 2025-04-16 Gifted by RAdm (Dr.) P J Rangachari (Retd), Director IMU-KC 180.00 530 D456 G01327 2025-04-22 2025-04-22 Books
Designed and Maintained by IMU-KC Library, Kolkata Campus © Copyright All Rights Reserved

webs counters

Powered by Koha